| 000 | 00940cam a2200277 a 4500 | ||
|---|---|---|---|
| 001 | 1143053 | ||
| 003 | OSt | ||
| 005 | 20150408114221.0 | ||
| 008 | 950411s1996 nyua b 001 0 eng | ||
| 010 | _a 95017065 | ||
| 020 | _a067399449X | ||
| 040 |
_aDLC _cDLC _dDLC |
||
| 050 | 0 | 0 |
_aLB2369 _b.L4 1996 |
| 082 | 0 | 0 |
_a808.02 _220 _bLJW |
| 100 | 1 |
_aLester, James D., _cSr., _d1935-2006. _945988 |
|
| 245 | 1 | 0 |
_aWriting research papers : _ba complete guide / _cJames D. Lester. |
| 250 | _a8th ed. | ||
| 260 |
_aNew York : _bHarperCollins College Publishers, _cc1996. |
||
| 300 |
_aviii, 408 p. : _bill. (some col.) ; _c23 cm. |
||
| 504 | _aIncludes bibliographical references (p. 365-397) and index. | ||
| 650 | 0 | _aReport writing. | |
| 650 | 0 | _aResearch. | |
| 906 |
_a7 _bcbc _corignew _d1 _eocip _f19 _gy-gencatlg |
||
| 942 |
_2ddc _cBOOK |
||
| 999 |
_c35428 _d269928 |
||